Statistics for Gilmore Girls Pilot- first 100 words

Click here to take the quiz!

General Stats

  • This quiz has been taken 238 times
  • The average score is 47 of 100

Answer Stats

Answer% Correct
i
90%
kerouac
88%
you
84%
a
82%
coffee
82%
luke
79%
have
68%
plus
68%
to
64%
how
63%
is
63%
please
63%
do
61%
cup
60%
the
59%
this
58%
hey
57%
on
57%
had
55%
many
55%
morning
53%
my
52%
so
52%
but
51%
cups
51%
five
51%
in
50%
it
49%
none
49%
what
48%
yes
48%
yours
46%
better
45%
got
44%
youre
43%
problem
42%
know
40%
that
38%
baby
37%
oh
37%
just
36%
angel
35%
good
35%
jack
35%
wings
35%
youve
35%
here
34%
im
34%
way
34%
best
33%
its
33%
really
33%
if
32%
town
32%
been
30%
get
29%
never
29%
through
29%
yeah
29%
ill
27%
ive
27%
look
27%
make
27%
passing
27%
before
26%
hartford
26%
regular
25%
sit
23%
someone
23%
down
22%
junkie
22%
meeting
21%
actually
20%
mind
20%
lukes
18%
plan
16%
yup
5%

Score Distribution

Percentile by Number Answered

Percent of People with Each Score

Your Score History

You have not taken this quiz